| Tag |
First Indicator |
Second Indicator |
Subfields |
| LEADER |
00000cam a2200000 a 4500 |
| 001 |
in00002052222 |
| 005 |
20151101064106.0 |
| 008 |
940404s1993 fi b b 100 0 eng d |
| 010 |
|
|
|a 94140143
|
| 020 |
|
|
|a 9171063315
|
| 035 |
|
|
|a (OCoLC)ocm29825590
|
| 040 |
|
|
|a IEN
|c DLC
|d YHM
|d OCL
|d OCLCQ
|d TXA
|d UtOrBLW
|
| 042 |
|
|
|a lccopycat
|
| 043 |
|
|
|a fb-----
|
| 049 |
|
|
|a TXAM
|
| 050 |
0 |
0 |
|a HC800
|b .S6 1993
|
| 082 |
0 |
0 |
|a 338.967
|2 20
|
| 245 |
0 |
0 |
|a Social change and economic reform in Africa /
|c edited by Peter Gibbon.
|
| 264 |
|
1 |
|a Uppsala :
|b Nordiska Afrikainstitutet (The Scandinavian Institute of African Studies),
|c 1993.
|
| 300 |
|
|
|a 381 pages :
|b maps ;
|c 22 cm.
|
| 336 |
|
|
|a text
|b txt
|2 rdacontent
|
| 337 |
|
|
|a unmediated
|b n
|2 rdamedia
|
| 338 |
|
|
|a volume
|b nc
|2 rdacarrier
|
| 500 |
|
|
|a "Papers ... presented at a workshop jointly organised by the Scandinavian Institute of African Studies (SIAS) and the School of Social Work, University of Zimbabwe, in Harare in March 1992"--P. 5.
|
| 504 |
|
|
|a Includes bibliographical references (pages [360]-378).
|
| 505 |
0 |
0 |
|t State-civil institutions relations in Kenya in the 1980's /
|r Mutahi G. Ngunyi and Kamau Gathiaka --
|t Social-political context of the growth of non-governmental organisations in Kenya /
|r Karuti Kanyinga --
|t Agricultural decline, politics and structural adjustment in Kenya /
|r G.K. Ikiara, M.A. Jama and J.O. Amadi --
|t Urban women workers in the informal sector and economic change in Kenya in the 1980's /
|r Agnes Musyoki and John Aluko Orodho --
|t Towards a political economy of adjustment in a labour reserve economy : the case of Lesotho /
|r Michael Neocosmos --
|t Structural adjustment and non-governmental organisations in Tanzania : a case study /
|r Andrew S.Z. Kiondo --
|t Structural adjustment policies and education in Tanzania /
|r Joe L.P. Lugalla --
|t Forms of accumulation, agriculture and structural adjustment in Tanzania /
|r C.S.L. Chachage --
|t Structural adjustment, state and organised labour in Zimbabwe /
|r Lloyd M. Sachikonye --
|t Women informal sector workers and structural adjustment in Zimbabwe /
|r V. Brand, R. Mupedziswa and P. Gumbo --
|r Health and structural adjustment in Zimbabwe /
|r Frances Chinemana and David Sanders.
|
| 651 |
|
0 |
|a Africa, Sub-Saharan
|x Economic conditions
|y 1960-
|v Congresses.
|
| 650 |
|
0 |
|a Structural adjustment (Economic policy)
|z Africa, Sub-Saharan
|v Congresses.
|
| 651 |
|
0 |
|a Africa, Sub-Saharan
|x Social conditions
|y 1960-
|v Congresses.
|
| 700 |
1 |
|
|a Gibbon, Peter.
|
| 710 |
2 |
|
|a Nordiska Afrikainstitutet.
|
| 994 |
|
|
|a C0
|b TXA
|
| 948 |
|
|
|a cataloged
|b h
|c 2005/5/9
|d c
|e tmweaver
|f 5:08:59 pm
|
| 999 |
|
|
|a MARS
|
| 999 |
f |
f |
|s 7c5e6bf4-8a6d-3969-9e0d-d64f6ae208ce
|i f6bd5524-ea10-3bde-91c5-137d041a45a1
|t 0
|
| 952 |
f |
f |
|p noncirc
|a Texas A&M University
|b College Station
|c Cushing Memorial Library & Archives
|d Cushing: Area Studies/Africana (Does not check out)
|t 0
|e HC800 .S6 1993
|h Library of Congress classification
|i unmediated -- volume
|
| 998 |
f |
f |
|a HC800 .S6 1993
|t 0
|l Cushing: Area Studies/Africana (Does not check out)
|